=LDR 00000nam 2200000 4500 =001 NUTBA000000000002515 =005 20140618150355.0 =006 =007 =008 =020 ##$$a 978-602-855-287-5 =035 ##$$a 0010-061400000000458 =040 ##$$a NBPDMAT =082 ##$$a 639.597 =090 ##$$a 639.597 $b Cep b =100 ##$$a Cepy Suherman =245 ##$$a Beternak bebek / $c Cepy Suherman =250 ##$$a Cet.1 =260 ##$$a Banten : $b Talenta Pustaka Indonesia, $c 2009 =300 ##$$a 64 hlm. : $b ilus. ; $c 25 cm. =500 ##$$a Bibliografi : hlm. 64 =650 ##$$a Bebek =850 ##$$a NBPDMAT =990 ##$$a 21403352